History Quiz

Random History or Year Quiz

Profile: Otto von Bismarck Quiz Stats

 Plays Quiz not verified by Sporcle

Challenge
Share
Tweet
Embed
Score 0/19 Timer 05:00
0 Plays Today
Category Fact % Correct
Country of BirthGermany
91.4%
Province of BirthSaxony
75.2%
Position EstablishedChancellor of Germany
72.4%
King Who Appointed Him As Minister PresidentWilhelm I
63.8%
ChildWilhelm
62.9%
Year of Death1898
57.1%
State With Capital NamesakeNorth Dakota
57.1%
Year of Birth1815
52.4%
NicknameIron Chancellor
42.9%
Colony AcquiredGerman South-West Africa
40%
Category Fact % Correct
Colony AcquiredGerman East Africa
39%
Colony AcquiredTogoland
32.4%
Colony AcquiredGerman Kamerun
29.5%
Colony AcquiredGerman New Guinea
21.9%
SuccessorLeo von Caprivi
12.4%
SpouseJohanna von Puttkamer
9.5%
ChildHerbert
9.5%
ChildMarie
8.6%
Cause of DeathGangrene
8.6%

You're not logged in!

Compare scores with friends on all Sporcle quizzes.
Join for Free
OR
Log In

You Might Also Like...

Show Comments

Extras

Top Quizzes Today


Score Distribution

Your Account Isn't Verified!

In order to create a playlist on Sporcle, you need to verify the email address you used during registration. Go to your Sporcle Settings to finish the process.

Report this User

Report this user for behavior that violates our Community Guidelines.

Details: